000 00420nam a22001817a 4500
003 MPLRDC
005 20220104143745.0
008 210129b ||||| |||| 00| 0 eng d
082 _a901 XHC
100 _a徐恒醇
245 _a技术美学原理
_c
250 _a一版一刷
260 _a
_b科学普及
_c1987
300 _b
490 _a新知识丛书
650 _a艺术理论
942 _cBK
_o901 XHC
999 _c43032
_d43022